KOHA-Header-6

Mangal Pandey (Record no. 3125)

000 -LEADER
fixed length control field 00253nam a2200121Ia 4500
020 ## - INTERNATIONAL STANDARD BOOK NUMBER
ISBN 13: 978-8129108548
082 ## - DEWEY DECIMAL CLASSIFICATION NUMBER
Classification number 954.1
100 ## - MAIN ENTRY--AUTHOR NAME
Personal name Amaresh Misra
245 #0 - TITLE STATEMENT
Title Mangal Pandey
260 ## - PUBLICATION, DISTRIBUTION, ETC. (IMPRINT)
Place of publication New Delhi
Name of publisher Rupa. Co
Year of publication 2005
300 ## - PHYSICAL DESCRIPTION
Number of Pages 106
942 ## - ADDED ENTRY ELEMENTS (KOHA)
Koha item type Books
Holdings
Withdrawn status Lost status Permanent Location Current Location Date acquired Full call number Accession Number Koha item type
    MAJU MAJU 2019-09-03 954.1 173 Books

Powered by Koha